000 00849na a2200265 4500
001 24620
003 MIRAKIL
005 20190109120945.0
008 181218b tu 000 0
020 _a9757369519
041 _atur
082 _a963.056
_bK26i 1995
090 _a963.56 K26i 1995
100 _aKarabekir, Kazım
_d1882-1948
245 _aİngiltere İtalya ve Habeş Harbi
_buluslar birbirlerini sevmezler çıkarları derecesinde sever görünürler.
_cKazım Karabekir
260 _aAnkara
_bEmre yayınları
_c1995
300 _a122 s.
_bhrt.
_c19 sm.
440 _aEmre yayınları
_v43
490 _aYakın tarih serisi
_v26
650 _aHabeş harbi
650 _aİngiltere
_xDış ilişkiler
_yEtiyopya
650 _aitalya
_xDış ilişkiler
_zEtiyopya
700 _aÖzerengin, Faruk
_eyay. haz.
942 _2ddc
_cBKS
999 _c12559
_d12559